000 01282cam a22003617a 4500
003 CHAP
005 20220329142443.0
008 010307d2000 mx r 00110 spa d
010 _a83723
011 _a84695
035 _a95221
040 _cCHAP
090 _aTesis
100 0 0 _aZamora Ramos, Cecilio.
_9123531
245 1 0 _aManejo fitosanitario del cultivo del aguacate (Persea americana Miller) en el estado de Michoacán
_c/por Cecilio Zamora Ramos
260 _aChapingo, Méx. :
_bEl autor,
_c2000.
300 _a87 h. :
_bgráfs
502 _aTesis (Ing. Agr. Esp. en Parasitología Agrícola) --UACH. Departamento de Parasitología Agrícola
590 _aALEPH
_b10
_c20130110
_lUCH01
_h1441
590 _aBATCH-UPD
_b10
_c20130110
_lUCH01
_h0636
590 _aBATCH-UPD
_b10
_c20130410
_lUCH01
_h0320
590 _aBATCH-UPD
_b10
_c20130913
_lUCH01
_h2305
590 _aCONVERSION
_b10
_c20130109
_lUCH01
_h1347
650 4 _aAguacate
_xPlagas.
_92543
650 1 4 _aAguacate
_xMichoacán.
_92535
650 1 4 _aAguacate
_xPropagacion.
_92551
650 1 4 _aControl de plagas.
_927595
901 _aBK
905 _aMayto Villalobos S.
942 _cFOLL
949 _bBC
_cTES
_d33724000816864
_eTS2
_fc.2
_h37981
_i95221
_si
949 _bBC
_cTES
_d952211
_eTS1
_h37237
_i95221
_sb
999 _c83723
_d83723